What Is The Acronym?? - Statistics

General Stats
  • This quiz has been taken 22 times
  • The average score is 12 of 15
Answer Stats
Word The Opposite % Correct
Poor Rich
100%
Boy Girl
95%
Offline Online
95%
Happy Sad
95%
Long Short
95%
Pretty Ugly
95%
Introvert Extrovert
91%
Soft Hard
91%
Dark Light
91%
Eat Drink
77%
Rough Smooth
77%
Safe Dangerous
73%
Smile Frown
68%
Purr Hiss
32%
Poisionous Edible
27%
No matching quizzes found
Score Distribution
Percent of People with Each Score
Percentile by Number Answered
Your Score History
You have not taken this quiz